Gaming Quiz

Random Gaming or Nintendo Quiz

Earthbound OST Quiz Stats

 Plays Quiz not verified by Sporcle

Score 0/169 Timer 20:00
0 Plays Today
% Correct
Sunrise & Onett Theme
89.4%
Boy Meets Girl (Twoson)
80.9%
Threed, Free at Last
70.2%
The Metropolis of Fourside
68.1%
Summers, Eternal Tourist Trap
66%
Winters White
63.8%
Pokey
51.1%
Welcome Home
46.8%
Battle Against a Weak Opponent
44.7%
Battle Against a Weird Opponent
44.7%
Smiles and Tears
44.7%
The Floating Kingdom of Dalaam
42.6%
Sound Stone ~ Giant Step
42.6%
Sound Stone ~ Lilliput Steps
42.6%
Sanctuary Guardian
40.4%
Sound Stone ~ Rainy Circle
40.4%
Sound Stone ~ Pink Cloud
40.4%
Sound Stone ~ Fire Spring
40.4%
Your Sanctuary ~ Fire Spring
38.3%
Battle Against a Machine
38.3%
Home Sweet Home
36.2%
Your Sanctuary ~ Giant Step
36.2%
Your Sanctuary ~ Pink Cloud
36.2%
Sound Stone ~ Milky Well
36.2%
Sound Stone ~ Magnet Hill
36.2%
Eight Melodies
36.2%
Pokey Means Business!
36.2%
Giygas is Wounded!
36.2%
Battle Against a Mobile Opponent
34%
Your Sanctuary ~ Lilliput Steps
34%
Your Sanctuary ~ Rainy Circle
34%
Peaceful Rest Valley
34%
The Deep Darkness
34%
Sound Stone ~ Lumine Hall
34%
Battle Against an Unsettling Opponent
31.9%
Snowman (Snow Wood Boarding House)
31.9%
Title Screen
29.8%
Buy Somethin' Will Ya!
29.8%
Franky
29.8%
Your Sanctuary ~ Milky Well
29.8%
Your Sanctuary ~ Magnet Hill
29.8%
Moonside Swing
29.8%
The Lost Underworld
29.8%
Your Name, Please
27.7%
Otherworldly Foe
27.7%
Your Sanctuary ~ Lumine Hall
27.7%
Kraken of the Sea
27.7%
Your Name, Please (Noiseless)
27.7%
Alien Invasion
25.5%
Opening Credits
23.4%
The Sky Runner
23.4%
Hi Hi Hi
23.4%
Belch's Factory
23.4%
Sound Stone ~ No Sounds
23.4%
The Place
23.4%
Giygas is Fatally Wounded!
23.4%
Pokey's House
21.3%
% Correct
Hospital
21.3%
A Bad Dream
21.3%
Heartless Hotel
21.3%
In Winters, There is a Genius
21.3%
Battle Against Belch
21.3%
Sea of Eden
21.3%
Enjoy Your Stay
19.1%
Paula's Theme
19.1%
Happy-Happy is Blue
19.1%
You've Got a New Friend!
19.1%
Threed, Zombie Central
19.1%
Bad Morning to You
19.1%
Tessie!
19.1%
Get on the Bus
19.1%
In Dalaam, There is a Warrior
19.1%
Pyramid
19.1%
Because I Love You
19.1%
Good Friends Bad Friends
19.1%
The Evil Giygas Attacks! (Part 1)
17%
The Evil Giygas Attacks! (Part 2)
17%
Buzz Buzz's Prophecy
17%
Ambush!
17%
Dangerous Caves
17%
Oncoming Boss
17%
Apple Kid's Theme
17%
Inside the Dungeon
17%
Megaton Walk
17%
Choose a File
14.9%
Oncoming Foe
14.9%
Onett's Arcade
14.9%
Welcome to Your Sanctuary
14.9%
A Flash of Memory
14.9%
Tessie Has Been Sighted!
14.9%
Dr. Andonuts' Lab
14.9%
You've Come Far, Ness
14.9%
Save the Miners!
14.9%
Sailing to Scaraba
14.9%
Giygas' Lair
14.9%
Giygas' Intimidation
14.9%
One Fateful Night...
12.8%
Someone's Knocking at the Door
12.8%
Friendly Neighbors
12.8%
Bed and Breakfast
12.8%
You Win!
12.8%
You Gained a Level!
12.8%
Sanctuary Guardian's Challenge
12.8%
Runaway Five on the Move!
12.8%
Caverns of Winters
12.8%
Super Dry Dance
12.8%
Venus Live!
12.8%
Boris' Cocktail
12.8%
Mu Training
12.8%
Deeper Into Ness' Subconscious
12.8%
The Cliff that Time Forgot
12.8%
Giygas Stirs
12.8%
Prayer for Safety
12.8%
Giygas Disintegrates
12.8%
% Correct
Hidden Track
12.8%
Now, Let's Go!
10.6%
Unidentified Falling Object
10.6%
Pokey's at the Door
10.6%
Rude Awakening
10.6%
Whoa!
10.6%
A Good Buddy
10.6%
What a Great Picture!
10.6%
A Good Night's Rest
10.6%
That Was Easy!
10.6%
You Defeated the Boss!
10.6%
Dead-End Chaos Theatre
10.6%
Ness' Bike
10.6%
Runaway Five ~ The Daily Show
10.6%
Runaway Five's Final Performance
10.6%
Runaway Five Left the Building!
10.6%
Winters' Wake Up Call
10.6%
Zombie Paper
10.6%
Saturn Valley Caverns
10.6%
The Monkeys' Maze
10.6%
Runaway Five to the Rescue!
10.6%
Bazaar
10.6%
The Unforgiving Desert
10.6%
The Tendas' Cave
10.6%
The Power
10.6%
Giygas' Intro
10.6%
The Heroes Return
10.6%
The Power (Alternate)
10.6%
Buzz-Buzz's Demise
10.6%
OK 'Ssuka?
10.6%
Whoops!
8.5%
Going Down!
8.5%
Rough Landing
8.5%
Escargo Express at Your Service!
8.5%
Topolla Theatre, Home to the One & Only Venus
8.5%
Pink Cloud Shrine
8.5%
The Voyage Continues
8.5%
Morning in the Desert
8.5%
The Submarine
8.5%
Lava Springs
8.5%
Entering Magicant...
8.5%
The Jolly Flying Man
8.5%
Onett's Trumpet Player
8.5%
Spooky...
8.5%
Ness Awakens from the Nightmare
6.4%
Key Item Fanfare
6.4%
Spell Learned
6.4%
Evil Mani-Mani Statue
6.4%
Phone
6.4%
Teleportation
6.4%
Teleportation End
4.3%
The Stonehenge Base Shuts Down
4.3%
Mechanical Tinkering
2.1%
Spacetoneer
2.1%
Phase Distorter Failed
2.1%

You're not logged in!

Compare scores with friends on all Sporcle quizzes.
OR
Log In

Show Comments

Extras

Top Quizzes Today


Score Distribution

Your Account Isn't Verified!

In order to create a playlist on Sporcle, you need to verify the email address you used during registration. Go to your Sporcle Settings to finish the process.

Report this User

Report this user for behavior that violates our Community Guidelines.

Details: